Score 0/18 Timer 03:00
1 Play Today
#1 Hit Song Missing Word % Correct
Raindrops Keep _____ on My HeadFallin'
98.4%
Let It _____Be
96%
Bridge Over _____ WaterTroubled
93.5%
Ain't No _____ High EnoughMountain
93%
I Think I _____ YouLove
90.8%
The Long and _____ RoadWinding
85.2%
I'll Be _____There
81.2%
I Want You _____Back
73.1%
The _____ of a ClownTears
72.9%
#1 Hit Song Missing Word % Correct
(They Long to Be) _____ to YouClose
70.5%
My _____ LordSweet
68.3%
_____ Told Me (Not to Come)Mama
62.8%
_____ WomanAmerican
52.5%
Cracklin' _____Rosie
49.5%
_____ It With YouMake
48.5%
Everything Is _____Beautiful
45.2%
_____ You (Falettinme Be Mice Elf Agin)Thank
34.6%
The Love You _____Save
14.7%

Today's Daily Dose

Missing Word
'T' Pairs

Word Ladder
Game Pieces

Get the Picture
Baseball Movies

Remove Ads.
Support Sporcle.
Get the best of Sporcle when you Go Orange. This ad-free experience offers more features, more stats, and more fun while also helping to support Sporcle. Thank you for becoming a member.

You're not logged in!

Compare scores with friends on all Sporcle quizzes.
OR
Log In

Show Comments

Extras

Top Quizzes Today


Score Distribution

Your Account Isn't Verified!

In order to create a playlist on Sporcle, you need to verify the email address you used during registration. Go to your Sporcle Settings to finish the process.

Report this User

Report this user for behavior that violates our Community Guidelines.

Details: